| 000 | 01205cam a2200349 i 4500 | ||
|---|---|---|---|
| 999 |
_c200442691 _d60903 |
||
| 001 | 200442691 | ||
| 003 | TR-AnTOB | ||
| 005 | 20230530001115.0 | ||
| 007 | ta | ||
| 008 | 970508s1993 tu 100 0 tur d | ||
| 035 | _a(TR-AnTOB)200442691 | ||
| 040 |
_aTR-AnTOB _beng _erda _cTR-AnTOB |
||
| 041 | 0 | _atur | |
| 050 |
_aHD2346.T9 _bK83 1993 |
||
| 090 |
_aTOBBK HD2346.T9 _bK82 1993 |
||
| 111 | 2 |
_aKüçük sanayide verimlilik semineri _d(1993 : _cIstanbul) _9131959 |
|
| 245 | 1 | 0 |
_aKüçük sanayide verimlilik semineri : _b19 Ekim 1993. |
| 264 | 1 |
_aİstanbul : _bİstanbul Ticaret Odası, _c1993. |
|
| 300 |
_a55 pages ; _c24 cm |
||
| 336 |
_atext _btxt _2rdacontent |
||
| 337 |
_aunmediated _bn _2rdamedia |
||
| 338 |
_avolume _bnc _2rdacarrier |
||
| 490 | 0 |
_aİstanbul Ticaret Odası ; _vyayın no. 1993-31 |
|
| 650 | 0 |
_aKüçük işletmeler _zTürkiye _vKongreler _931949 |
|
| 650 | 7 |
_aEndüstriyel verimlilik _zTürkiye _vKongreler _2etuturkob _931947 |
|
| 651 | 7 |
_aTürkiye _xEkonomik durum _vKongreler _2etuturkob _9119774 |
|
| 710 | 2 |
_aİstanbul Ticaret Odası _919571 |
|
| 752 |
_aTurkey _dIstanbul. |
||
| 942 |
_2z _cBK |
||